[Event "CHN-ch Blitz Open 2018"]
[Site "Tianjin"]
[Date "2018.06.07"]
[Round "3"]
[White "Yu, Yangyi"]
[Black "Chu, Wei Chao"]
[Result "1-0"]
[WhiteElo "2759"]
[BlackElo "2399"]
[Annotator "TA"]
[PlyCount "113"]
[EventDate "2018.06.07"]
[EventType "blitz"]
[EventRounds "9"]
[EventCountry "CHN"]
[SourceTitle "playchess.com"]
[Source "ChessBase"]
[SourceQuality "1"]

{[%evp 13,112,26,35,32,39,7,50,22,35,-79,-70,-94,-111,-109,-96,-101,-102,-110,-121,-122,-122,-124,-102,-101,-71,-104,-54,-112,-22,-44,-22,-27,-27,-22,-26,-25,0,0,0,0,0,-18,-18,-33,-33,-33,-33,-33,-34,-55,-53,-50,0,-53,0,-70,-62,-58,-28,-28,-28,-28,-28,-28,-28,-28,0,-28,0,-28,0,-43,-41,-31,-36,-35,-39,-39,0,0,0,0,0,0,0,0,0,0,0,0,0,0,0,0,0,0,625,569,12837,12838,29999]} 1. e4 c6 2. d4 d5 3. e5 Bf5 4. Nf3 e6 5. Be2 Nd7 6. O-O Ne7 7. c3 h6 8. Nbd2 {B12: Caro-Kann: Advance Variation} Qc7 (8... g5 9. Re1 Qc7 10. Nf1 Bh7 11. Ng3 Nf5 12. Bd3 Nxg3 13. Bxh7 Rxh7 14. fxg3 Be7 15. Qd3 Rg7 {½-½ (33) Topalov,V (2749)-Nakamura,H (2774) Saint Louis 2017}) 9. b4 Nc8 $146 ({Predecessor:} 9... g5 10. Nb3 Bg7 11. Ne1 Nxe5 12. dxe5 Bxe5 13. Nd4 Bxh2+ 14. Kh1 Bd6 15. Nxf5 Nxf5 {1-0 (33) Saric,I (2657)-Janik,I (2422) Batumi 2018}) 10. a4 {White is slightly better.} a5 11. Nb3 (11. Qb3 $14) 11... axb4 $17 12. cxb4 Bxb4 13. Bd2 Be7 14. a5 O-O 15. Re1 Na7 16. Qc1 Rfc8 17. Qb2 Bh7 18. Rec1 Qd8 19. Be3 Qf8 20. Ne1 (20. Nc5 $15 Nxc5 21. dxc5) 20... Rab8 ({Better is} 20... Nb5 $17 21. Nc2 Bf5) 21. Nd3 $11 Nb5 22. Ndc5 Nxc5 23. Nxc5 Qe8 24. Na4 Nc7 25. Nb6 Rd8 26. Bd2 Na6 27. Bxa6 bxa6 28. Bb4 Bxb4 $1 29. Qxb4 Bd3 $1 30. Ra3 Bb5 31. Qd2 Qe7 32. Rg3 Kh8 33. Qf4 (33. Rcc3 $1 $11) 33... Rf8 (33... Re8 $15) 34. h4 (34. Rcc3 $1 $11 g5 35. Qg4) 34... Rbd8 35. Rcc3 f5 {Strongly threatening ...Qb4.} 36. h5 Rf7 37. Rg6 Re8 38. Kh2 Kh7 39. Rc5 Kh8 40. Kg1 Kh7 41. Rg3 Kh8 (41... Rb8 {looks sharper.} 42. Rg6 Qe8 43. Rc2 Rf8 44. Rc3 Rb7) 42. Rgc3 Qg5 43. Qxg5 hxg5 44. Rg3 $1 g4 45. f3 $1 gxf3 46. gxf3 f4 47. Rg5 Kh7 48. Kf2 Kh6 49. Rg4 Kxh5 {Hoping for ...g5.} 50. Rc1 $1 {[%cal Rc1h1] [#]} g5 {Threatens to win with ...Rg7.} 51. Rcg1 Rg8 {...c5! is the strong threat.} 52. Rh1+ Kg6 {White must now prevent ...c5!} 53. Rxg5+ Kxg5 54. Rg1+ Kf5 $2 {[%mdl 8192]} (54... Kh6 $11 55. Rxg8 c5 56. dxc5 Rf5) 55. Rxg8 $18 Rh7 {[#]} 56. Nc8 $1 {[%cal Rc8d6]} Rc7 57. Nd6# {Precision: White = 57%, Black = 45%.} 1-0

[Event "CHN-ch Blitz Open 2018"]
[Site "Tianjin"]
[Date "2018.06.07"]
[Round "3"]
[White "Wei, Yi"]
[Black "Gao, Rui"]
[Result "1/2-1/2"]
[WhiteElo "2734"]
[BlackElo "2561"]
[Annotator "TA"]
[PlyCount "74"]
[EventDate "2018.06.07"]
[EventType "blitz"]
[EventRounds "9"]
[EventCountry "CHN"]
[SourceTitle "playchess.com"]
[Source "ChessBase"]
[SourceQuality "1"]

{[%evp 13,74,-14,-14,-13,-3,-36,-32,-31,-29,-48,-29,-62,-58,-57,38,-60,-21,-49,0,0,0,0,0,0,0,-14,66,-26,-29,-27,-27,-31,-45,-30,-33,-37,0,-9,-17,-23,-35,-58,-59,-143,-96,-137,-100,-125,-131,-135,-149,-132,-142,-159,-152,-146,-122,-122,0,-137,0,-114,0]} 1. c4 e5 2. Nc3 Nf6 3. Nf3 Nc6 4. e3 Bb4 5. Qc2 d6 6. a3 {A28: English Opening: Four Knights Variation} (6. Ne2 a5 7. a3 Bc5 8. b3 O-O 9. Ng3 Re8 10. Bb2 Ba7 11. Be2 h6 12. O-O Be6 13. Bc3 Ne7 {1-0 (63) Karjakin,S (2760)-Vidit,S (2715) Riadh 2017}) 6... Bxc3 7. Qxc3 e4 {LiveBook: 8 Games} 8. Ng1 {The position is equal.} O-O $146 ({Predecessor:} 8... Ne5 9. b4 b6 10. f4 exf3 11. Nxf3 Ne4 12. Qd4 Nxf3+ 13. gxf3 Qh4+ {0-1 (27) Rogers,I (2569)-Wang,H (2512) Kuala Lumpur 2005}) 9. b4 Ne5 10. Bb2 a5 11. b5 c6 12. a4 cxb5 13. axb5 b6 (13... Be6 $15) 14. Be2 ({Better is} 14. f4 $14 exf3 15. Nxf3) 14... Be6 $1 $15 {[%cal Re6c4] Strongly threatening ...Bxc4!} 15. f4 Nd3+ 16. Bxd3 exd3 17. Qxd3 Rc8 18. Rc1 d5 {[%cal Bd6d5,Bd5c4][%mdl 32]} 19. Nf3 (19. f5 {looks sharper.} Bd7 20. cxd5 Rxc1+ 21. Bxc1 Qa8 22. Nf3) 19... Rxc4 ({Black should try} 19... dxc4 $11 20. Qxd8 Rfxd8) 20. Rxc4 (20. O-O $14) 20... dxc4 $11 21. Qxd8 Rxd8 22. Bxf6 gxf6 {[%mdl 4096] Endgame KRB-KRN} 23. Nd4 Bd5 24. Kf2 Ra8 25. Ra1 Be4 26. Ra4 Bd3 27. Kf3 f5 28. g4 (28. Ne2 $15) 28... fxg4+ $17 29. Kxg4 Rc8 30. f5 Kg7 31. Kf4 Re8 32. Ra1 Kf6 33. Rg1 Re4+ 34. Kg3 Re5 35. Kf4 Re4+ 36. Kg3 $1 Re5 37. Kf4 $1 {[#]} Re4+ {Precision: White = 41%, Black = 58%.} (37... Re8 $1 $17 38. Rd1 Re4+ 39. Kg3 Re5) 1/2-1/2

[Event "CHN-ch Blitz Open 2018"]
[Site "Tianjin"]
[Date "2018.06.07"]
[Round "3"]
[White "Zhao, Jun"]
[Black "Xu, Xiangyu"]
[Result "0-1"]
[WhiteElo "2611"]
[BlackElo "2581"]
[Annotator "TA"]
[PlyCount "64"]
[EventDate "2018.06.07"]
[EventType "blitz"]
[EventRounds "9"]
[EventCountry "CHN"]
[SourceTitle "playchess.com"]
[Source "ChessBase"]
[SourceQuality "1"]

{[%evp 18,64,13,13,40,23,42,34,42,-20,59,31,34,32,77,29,23,-7,-4,-15,-9,0,0,0,14,-33,-27,-50,-58,-59,-75,-95,-123,-123,-58,-263,-272,-267,-239,-493,-215,-198,-96,-1029,-1029,-1002,-978,-29997,-29998]} 1. c4 e5 2. Nc3 g6 3. g3 Bg7 4. Bg2 Nc6 5. Rb1 d6 6. b4 f5 7. b5 Nce7 {A25: English Opening vs King's Indian with ...Nc6 but without early d3} 8. d3 Nf6 (8... h6 9. e4 Nf6 10. Nge2 O-O 11. O-O g5 12. exf5 Nxf5 13. Ne4 Nxe4 14. Bxe4 Ne7 15. Nc3 {1-0 (35) Svidler,P (2759)-Kazhgaleyev,M (2582) Almaty 2016}) 9. e3 O-O 10. Nge2 {LiveBook: 6 Games} h6 11. a4 $146 {[%cal Ba2a4,Ba4a5][%mdl 32]} ({Predecessor:} 11. O-O g5 12. f4 Qe8 13. c5 Qh5 14. cxd6 cxd6 15. b6 axb6 16. Rxb6 Ra6 17. Qb3+ Kh8 18. Rxb7 Bxb7 19. Qxb7 Rxa2 20. Nxa2 Qxe2 21. Qxe7 Qxa2 22. fxg5 hxg5 23. Qxd6 {1-0 (55) Kartsev,S (2208)-Muschik,B (2295) Germany 2015}) 11... Rb8 12. a5 g5 13. Ba3 ({White should play} 13. O-O $14) 13... Be6 (13... f4 $1 $11) 14. Qd2 Rf7 15. O-O Ng6 16. Nd5 f4 17. b6 axb6 18. axb6 c6 19. Nc7 $1 {[%cal Rc7e6]} Qd7 20. Nxe6 ({Of course not} 20. gxf4 Bh3 $17) 20... Qxe6 21. d4 Qf5 {...f3 is the strong threat.} 22. exf4 ({Don't do} 22. Bxd6 $6 Rd8 $16) 22... exf4 23. Rb3 Re8 24. Nc1 g4 {Hoping for ...f3.} 25. f3 {[#]} fxg3 ({But not} 25... gxf3 26. Rbxf3 Ne4 27. Qd1 $15) (25... d5 $1 $17 {[%cal Rd5c4]} 26. fxg4 Qxg4 27. cxd5 Nxd5) 26. fxg4 $2 (26. hxg3 $15 Qe6 27. d5 cxd5 28. cxd5 Qxd5 29. Rd3) 26... gxh2+ $19 27. Kh1 Qxg4 28. Qd1 $2 (28. Qf2 Ref8 29. Rg3) 28... Qg5 (28... Nh4 $142 {[%csl Gh4][%cal Rg4g2]} 29. Qxg4 Nxg4 30. Rxf7 Kxf7) 29. Bxd6 {[#] Threatens to win with Rg3.} Nh4 (29... Ng4 $1 $19 {has better winning chances. White must now prevent ...Rxf1+.} 30. Rxf7 Kxf7 31. Rf3+ Kg8) 30. Qc2 $2 {[%mdl 8192]} (30. Rg3 $17 Qh5 31. Bf3 Nxf3 32. Qxf3) 30... Ng4 31. Rxf7 Kxf7 32. Rg3 Re1+ {Precision: White = 11%, Black = 37%.} 0-1

[Event "CHN-ch Blitz Open 2018"]
[Site "Tianjin"]
[Date "2018.06.07"]
[Round "3"]
[White "Wen, Yang"]
[Black "Wang, Hao"]
[Result "1/2-1/2"]
[WhiteElo "2596"]
[BlackElo "2710"]
[Annotator "TA"]
[PlyCount "89"]
[EventDate "2018.06.07"]
[EventType "blitz"]
[EventRounds "9"]
[EventCountry "CHN"]
[SourceTitle "playchess.com"]
[Source "ChessBase"]
[SourceQuality "1"]

{[%evp 23,89,-2,0,0,22,0,0,0,23,21,24,18,23,25,32,33,33,27,43,6,7,7,7,-31,-29,-32,-19,-29,-26,-50,-46,-66,-66,-107,-42,-46,-46,-68,0,-131,0,0,0,0,0,0,0,0,101,79,214,214,214,213,213,0,0,0,0,0,0,0,0,0,0,0,0,0]} 1. e4 e5 2. Nf3 Nc6 3. Bb5 Nf6 4. O-O Nxe4 5. Re1 Nd6 6. Nxe5 Be7 7. Bf1 Nxe5 8. Rxe5 O-O 9. Nc3 {[%cal Bb1c3,Bc3d5,Bd5e3,Be3f5][%mdl 32] C67: Ruy Lopez: Berlin Defence: 4 0-0 Nxe4} (9. d4 Bf6 10. Re1 Nf5 11. d5 Re8 12. Bd3 Rxe1+ 13. Qxe1 Qe7 14. Qxe7 Nxe7 15. d6 cxd6 16. Na3 d5 17. Nb5 d6 18. Nxd6 {½-½ (32) Caruana,F (2784)-Aronian,L (2794) Karlsruhe/Baden-Baden 2018}) 9... Ne8 10. Nd5 Bd6 11. Re2 c6 12. Ne3 Be7 {LiveBook: 4 Games} 13. Nf5 Bg5 14. Qe1 d5 15. Ne7+ {[#]} Kh8 $146 {And now ...Be6 would win.} ({Predecessor:} 15... Bxe7 16. Rxe7 Nd6 17. Re2 Nf5 18. Qd1 Qf6 19. d3 Bd7 20. c3 Nh4 21. Qd2 Bg4 22. Re1 Rae8 {½-½ (22) Shyam,N (2394)-Lei,T (2545) Hanoi 2018}) 16. Nxc8 Rxc8 17. g3 Nd6 18. h4 Bf6 19. Bh3 Rc7 20. d3 Re8 21. Bf4 {Bxd6 is the strong threat.} Rxe2 22. Qxe2 {Threatens to win with Bxd6.} Re7 $36 {[%mdl 2048] Black is more active.} 23. Qd2 (23. Qg4 $5 {[%cal Rf4d6]} g6 24. c3 $11) 23... Bxb2 24. Re1 Bf6 25. Rxe7 Bxe7 26. Qb4 Nb5 27. Qb1 b6 28. a4 Nd4 (28... Nc3 $17 29. Qe1 Nxa4) 29. Be3 $15 Ne6 30. a5 {[%cal Ra5b6]} bxa5 (30... b5 $15) 31. Qb7 {[#]} (31. Bxe6 $11 fxe6 32. Qb7) 31... a4 ({Better is} 31... Qc7 $1 $17 {[%cal Rc7b7]} 32. Qa8+ Nd8) 32. Qxc6 $11 a3 33. Bxe6 fxe6 34. Qxe6 Bf6 35. Qa6 Bb2 {[#]} (35... Qf8 $11 {remains equal.}) 36. Bc5 $1 $16 (36. Bxa7 $6 Qa8 $11) (36. Qxa7 $6 d4 $11) 36... h6 (36... Qc7 $16 37. Qa4 (37. Bxa3 Bd4 $14) 37... h6 38. Bxa3 Bxa3) 37. Qxa7 $18 ({Don't take} 37. Bxa3 $6 Bxa3 38. Qxa3 a5 $16) 37... Qf6 38. Qa8+ ({Resist} 38. Bxa3 $6 Bd4 $16) 38... Kh7 39. Qxd5 $2 (39. Bxa3 $18 Bd4 40. Qf8) 39... Qc3 $11 {The position is equal.} 40. Qe4+ Kh8 41. Qe8+ Kh7 42. Qe4+ Kh8 43. Qe8+ Kh7 44. Qe4+ Kh8 45. Qe8+ {Precision: White = 55%, Black = 54%.} 1/2-1/2

[Event "CHN-ch Blitz Open 2018"]
[Site "Tianjin"]
[Date "2018.06.07"]
[Round "3"]
[White "Bai, Jinshi"]
[Black "Xiang, Zeyu"]
[Result "1-0"]
[WhiteElo "2594"]
[BlackElo "2423"]
[Annotator "TA"]
[PlyCount "77"]
[EventDate "2018.06.07"]
[EventType "blitz"]
[EventRounds "9"]
[EventCountry "CHN"]
[SourceTitle "playchess.com"]
[Source "ChessBase"]
[SourceQuality "1"]

{[%evp 24,77,58,43,77,84,77,39,111,105,114,99,122,118,119,112,134,79,88,77,79,80,92,95,95,82,104,66,65,54,85,80,72,38,62,36,179,170,248,249,246,243,226,145,303,162,275,140,407,398,454,294,639,639,639,639]} 1. d4 d5 2. c4 e6 3. Nf3 Nf6 4. g3 dxc4 5. Bg2 c5 6. O-O Nc6 7. Qa4 cxd4 8. Nxd4 Qxd4 9. Bxc6+ Bd7 10. Rd1 Bxc6 11. Qxc6+ bxc6 12. Rxd4 c5 {E04: Katalanisch} (12... Be7 13. Rxc4 c5 14. Bg5 Nd7 15. Bxe7 Kxe7 16. Nd2 Rab8 17. b3 Rb5 18. Rac1 Ra5 19. R1c2 Rb8 20. f4 {1-0 (61) Cordova,E (2627)-Mellado Trivino,J (2427) Castell de Sant Ferran 2016}) 13. Rxc4 {LiveBook: 14 Partien} Bd6 14. Nc3 Rb8 {Weiß steht besser.} 15. b3 Ke7 $146 ({Lieber} 15... Rb4 $14) ({Vorgänger:} 15... Rb4 16. Ba3 Rxc4 17. bxc4 Kd7 18. Nb5 a6 19. Nxd6 Kxd6 20. Rd1+ {1-0 (49) Maki,V (2409)-Kokkila,T (2327) Plovdiv 2010}) 16. Ba3 $16 Rhc8 17. Rd1 a6 18. f4 Nd7 19. Ne4 Rb6 20. Rc2 (20. b4 $142 {[%cal Rb4c5]} Rbc6 21. bxc5) 20... f5 21. Nd2 Rbc6 22. Nc4 {[#] Schwarz muss nun Tcd2 beachten.} Nb6 23. Na5 R6c7 24. Kf2 h6 25. Rd3 g5 26. e3 Rg8 27. Rcd2 Rd8 28. Kf3 Rdd7 29. h3 {[%cal Bh2h3,Bh3h4][%mdl 32]} Rd8 {[#]} (29... e5 $14 30. fxe5 Bxe5) 30. g4 $1 $18 gxf4 (30... fxg4+ $142 31. hxg4 gxf4) 31. gxf5 exf5 32. exf4 Rdd7 33. h4 Rd8 $2 (33... Ke6 $16) 34. Bb2 (34. h5 $142) 34... Rdd7 (34... c4 {kämpft weiter.} 35. Rxd6 (35. Bf6+ Kxf6 36. Rxd6+ Rxd6 $14) 35... c3 36. Rxd8 (36. Rc6 $2 cxd2 37. Rxc7+ Ke8 $19) 36... cxb2 37. Rxb2 (37. Rd1 $2 Rc1 $19) 37... Kxd8) 35. Rg2 ({Günstiger ist} 35. h5 $18) 35... Kf8 $2 {[%mdl 8192]} (35... c4 $16 {ist wohl besser.} 36. Rg7+ Kf8 37. Rxd7 (37. Rxd6 Rxg7 38. Rxb6 c3 $16) 37... Rxd7 38. Nxc4 Nxc4) 36. Rg6 Nc8 37. Rxh6 Be7 $2 (37... Rh7 38. Rhxd6 Nxd6) 38. Rh8+ Kf7 39. Rxd7 {Precision: Weiß = 36%, Schwarz = 26%.} 1-0

[Event "CHN-ch Blitz Open 2018"]
[Site "Tianjin"]
[Date "2018.06.07"]
[Round "3"]
[White "Xu, Yinglun"]
[Black "Xu, Yi"]
[Result "1/2-1/2"]
[WhiteElo "2536"]
[BlackElo "2534"]
[Annotator "TA"]
[PlyCount "62"]
[EventDate "2018.06.07"]
[EventType "blitz"]
[EventRounds "9"]
[EventCountry "CHN"]
[SourceTitle "playchess.com"]
[Source "ChessBase"]
[SourceQuality "1"]

{[%evp 17,62,0,0,-27,-5,1,0,0,0,0,12,4,3,2,0,0,0,5,10,0,0,0,0,0,0,0,0,0,0,0,0,0,0,0,0,0,0,0,0,0,0,0,0,0,0,0,0]} 1. Nf3 Nf6 2. e3 e6 3. b3 b6 4. Bb2 Bb7 5. Be2 Be7 6. O-O O-O 7. c4 d5 8. Nc3 c5 9. cxd5 Nxd5 {LiveBook: 39 Games} 10. a3 {A30: Symmetrical English: Double Fianchetto and Hedgehog} (10. Rc1 Nxc3 11. Bxc3 Nc6 12. Qc2 Bf6 13. Rfd1 Rc8 14. Qb1 Bxc3 15. dxc3 Qe7 16. Bd3 h6 17. Bh7+ Kh8 18. Be4 Rfd8 19. h3 Rxd1+ 20. Rxd1 Rd8 21. Rxd8+ Nxd8 22. Ne5 Kg8 {½-½ (22) Becerra Rivero,J (2546)-Akobian,V (2637) Lawrence 2014}) (10. Qc2 Bf6 11. Rad1 Nc6 12. Nxd5 Qxd5 13. Bxf6 gxf6 14. Bc4 Qh5 15. d4 cxd4 16. Nxd4 Ne5 17. Qe2 Qg6 {1-0 (65) Xu,Y (2526)-Xu,Y (2439) Bastia 2017}) 10... Nxc3 11. Bxc3 {The position is equal.} Nc6 $146 ({Predecessor:} 11... Nd7 12. Qc2 Qc7 13. Rac1 Rac8 14. Rfd1 Rfd8 15. Qb2 Bf6 16. Bxf6 Nxf6 17. b4 Qb8 18. bxc5 bxc5 {½-½ (42) Czeratzki,M (2069)-Froembgen,W (2098) Reil 2011}) 12. Qb1 Bf6 13. Bxf6 Qxf6 14. b4 Ne5 15. Nxe5 Qxe5 16. Rc1 Rac8 17. Bf1 Qd5 18. bxc5 Rxc5 19. Qb2 Rfc8 20. d4 Rxc1 21. Rxc1 Rxc1 22. Qxc1 Qc6 23. Qb2 h6 24. f3 Qc8 25. Kf2 Ba6 26. Bxa6 Qxa6 $11 {KQ-KQ} 27. Qc3 Qb5 28. Qc8+ Kh7 29. Qc2+ Kg8 30. Qc8+ Kh7 31. Qc2+ Kg8 {Precision: White = 84%, Black = 80%.} 1/2-1/2

[Event "CHN-ch Blitz Open 2018"]
[Site "Tianjin"]
[Date "2018.06.07"]
[Round "3"]
[White "Zeng, Chongsheng"]
[Black "Zhao, Zhouqiao CHN"]
[Result "1/2-1/2"]
[WhiteElo "2532"]
[BlackElo "2223"]
[Annotator "TA"]
[PlyCount "309"]
[EventDate "2018.06.07"]
[EventType "blitz"]
[EventRounds "9"]
[EventCountry "CHN"]
[SourceTitle "playchess.com"]
[Source "ChessBase"]
[SourceQuality "1"]

{[%evp 13,309,69,77,39,66,47,63,60,71,54,63,-36,2,-87,66,-20,-32,-75,-76,-70,-72,-78,-70,-74,-73,-85,-77,-73,-74,-95,-89,-91,-96,-102,-97,-181,-176,-179,-197,-227,-155,-176,-108,-103,-104,-254,-99,-97,-101,-112,-102,-233,-130,-117,-133,-110,0,-158,-114,-108,-6,-372,-136,-158,-150,-151,-20,-14,-12,-15,11,8,9,0,31,40,74,61,58,52,57,45,70,71,112,120,230,0,105,0,231,0,254,249,223,89,165,109,147,40,90,0,0,0,0,0,0,0,0,0,0,0,0,0,0,0,0,0,0,0,0,0,0,0,0,0,0,0,0,0,0,0,0,0,0,0,0,0,14,0,0,0,0,0,0,0,0,0,0,0,0,0,0,0,0,0,0,0,0,0,0,0,0,0,0,0,0,0,0,0,0,0,0,0,0,0,0,0,0,0,0,0,0,0,0,0,0,0,0,0,0,0,0,0,0,0,0,0,0,0,0,0,0,0,0,0,0,0,0,0,0,0,0,0,0,0,0,0,0,0,0,0,0,0,0,0,0,0,0,0,0,0,0,0,0,0,0,0,0,0,0,0,0,0,0,0,0,0,0,0,0,0,0,0,0,0,0,0,0,0,0,0,0,0,0,0,0,0,0,0,0,0,0,0,0,0,0,0,0,0,0,0,0,0,0,0,0,0,0,0,0,0,0,0,0,0,0,0]} 1. e4 e5 2. Nf3 Nc6 3. Bc4 Bc5 4. c3 Qe7 5. d4 Bb6 6. O-O d6 7. a4 {[%cal Ba2a4,Ba4a5][%mdl 32]} a6 {LiveBook: 20 Games} 8. a5 {C53: Giuoco Piano sidelines} (8. Bd5 Nf6 9. Nbd2 O-O 10. Nc4 Ba7 11. Bxc6 bxc6 12. Bg5 exd4 13. Nxd4 Bd7 14. Re1 h6 15. Bh4 Rae8 16. e5 dxe5 17. Nxe5 Bxd4 18. cxd4 g5 19. Bg3 Nd5 20. Rc1 Qb4 21. Nxd7 Rxe1+ 22. Qxe1 {1-0 (22) Macieja,B (2653)-Sasikiran,K (2654) playchess.com INT 2004}) 8... Ba7 9. h3 Nf6 10. Re1 {White is slightly better.} h6 11. b4 $146 ({Predecessor:} 11. dxe5 Nxe5 12. Bb3 Nfd7 13. Nd4 Qf6 14. Bc2 Nc5 15. f4 Ne6 16. fxe5 dxe5 {½-½ (57) Vucinic,G (2439)-Novoselski,Z (2323) Kragujevac 2016}) 11... O-O 12. Nh4 (12. d5 $14 Nb8 13. Bb3) 12... Kh7 {[%cal Re5d4]} 13. d5 (13. Bb2 $11 {keeps the balance.}) 13... Nb8 $2 (13... Ng4 $6 14. hxg4 Qxh4 15. Be3 $11) (13... Nxd5 $1 $17 14. Bxd5 Qxh4) 14. Qf3 (14. Nf3 $1 $14) 14... g6 $11 15. Be3 Bxe3 16. Qxe3 Nxd5 $1 17. Bxd5 {And now Nf3 would win.} Qxh4 18. Nd2 Kg7 19. Nf3 Qe7 20. Rad1 Nd7 21. Bb3 Nf6 22. Nd2 Be6 23. Ba4 Rfc8 24. c4 (24. Bb3 $17 {was called for.}) 24... c5 $19 25. Rb1 cxb4 26. Rxb4 Rc5 27. Reb1 Bc8 (27... Rb8 $19 28. Qb3 Rxa5) 28. Nb3 Rc7 29. Rd1 (29. Nd2 $17 {keeps fighting.}) 29... Bd7 $2 (29... Be6 $19 30. Nd2 d5) 30. Bxd7 $17 Rxd7 ({Much weaker is} 30... Qxd7 31. c5 $11) 31. Rb6 Rc8 32. c5 (32. Nd2 $17) 32... dxc5 (32... d5 $19 33. c6 Rxc6 34. Rxc6 bxc6) 33. Rxd7 Nxd7 34. Rxb7 Qd6 (34... c4 $17 35. Qc3 Qd6) 35. Qc3 $2 (35. Qd2 $1 $11 Qxd2 36. Nxd2) 35... c4 36. Nd2 Nc5 ({Black should try} 36... Nf6 $17 {Hoping for ...Qd4.} 37. Rb1 Qd4) 37. Rb6 $2 {[%mdl 8192]} (37. Rb4 $11 {and White has nothing to worry.}) 37... Qd4 $2 (37... Na4 $19 38. Rxd6 Nxc3) 38. Qxd4 exd4 39. Nxc4 {[%mdl 4096] Endgame KRN-KRN} Na4 ({Black should play} 39... Nd3 $17 40. Nd2 Rc1+ 41. Kh2 Rd1) 40. Rb4 $11 Nc3 41. f3 Nb5 42. Kf2 Kf6 43. Ke2 Kg5 44. g3 h5 45. h4+ Kh6 46. Kd3 Kg7 47. Rb2 Kf6 48. Rc2 Ke6 {[#]} 49. Na3 $1 {[%mdl 512]} Rb8 (49... Ra8 $16) (49... Nxa3 50. Rxc8) 50. Nc4 (50. Rb2 $18 {is more deadly.}) 50... Rc8 $16 {[#]} 51. Na3 $1 {[%mdl 512]} Rb8 $18 (51... Nxa3 52. Rxc8) 52. Nc4 $2 (52. Rb2 $18) 52... Ke7 $2 {[%mdl 8192]} (52... Rc8 $11 {and Black stays safe.}) 53. Ne5 Rb7 54. Nc6+ (54. Rc6 $18 {and White stays clearly on top.}) 54... Kf8 (54... Kd6 $16 {was worth a try.}) 55. Nb4 (55. Rc4 $18) 55... Nc7 {[#]} 56. Rc4 ({Better is} 56. Nd5 $1 $16 {[%cal Rd5c7]} Nxd5 57. exd5) 56... Rb5 57. Nc6 ({Reject} 57. Rxd4 Rxa5 58. Rd7 Ne6 $11) ({But not} 57. Kxd4 Ne6+ 58. Kd3 Rxa5 $11) (57. Rxc7 $16 Rxb4 58. Rc6) 57... Ne6 $1 $11 {The position is equal.} 58. Nxd4 (58. Rb4 {with more complications.} Rc5 59. Rb6 Rc3+ 60. Ke2 Kg7 61. Nb4) 58... Nxd4 59. Kxd4 Rxa5 {KR-KR} 60. Ke3 Kg7 61. Kf4 Ra3 62. Rc6 a5 63. e5 Kf8 64. Rc8+ Ke7 65. Rc7+ Ke6 66. Rc6+ Ke7 67. Ra6 Ke8 68. g4 hxg4 69. fxg4 Kf8 70. Kg5 Kg7 71. Ra7 {e6 is the strong threat.} Re3 72. Rxa5 Re4 73. Rb5 Re1 74. Kf4 Rf1+ 75. Kg5 Re1 76. h5 gxh5 77. Kxh5 Rh1+ 78. Kg5 Re1 79. Rc5 Re2 80. Kf4 (80. e6 $5) 80... Re1 81. Rc3 Rf1+ 82. Rf3 Re1 83. Kf5 Re2 84. Rf1 Re3 85. Kf4 Re2 86. Rf3 Re1 87. Re3 Rf1+ 88. Ke4 Kg6 89. Rf3 Re1+ 90. Kf4 Re2 91. Rf1 Kg7 92. Rf3 Re1 93. Kf5 Re2 94. Rf1 Re3 95. Kf4 Re2 96. Rf3 Re1 97. Re3 Rf1+ 98. Ke4 Kg6 99. Rf3 Rg1 100. Kf4 Re1 101. Rf2 Kg7 102. Rh2 Rf1+ 103. Kg5 Re1 104. Kf5 Rf1+ 105. Ke4 Re1+ 106. Kf4 Rf1+ 107. Ke3 Rg1 108. Kf3 Rf1+ 109. Rf2 Re1 110. Kf4 Kg6 111. Rf3 Re2 112. Re3 Rf2+ 113. Ke4 Rg2 114. Kf3 Rg1 115. Kf4 Rf1+ 116. Rf3 Re1 117. Rd3 Rf1+ 118. Ke4 Re1+ 119. Kd5 Rg1 120. Rd4 Re1 121. Kd6 Kg7 122. Kd5 Kg6 123. Kd6 Kg7 124. Rf4 Re2 125. Rf5 Ra2 126. Rg5+ Kh6 127. Rg8 Kh7 128. Rd8 Kg7 129. Ke7 Ra7+ 130. Rd7 Ra6 131. Ke8 (131. Rd8 {is more complex.}) 131... Ra8+ 132. Ke7 Ra6 133. Rd6 (133. Rd1 {is interesting.}) 133... Ra7+ 134. Ke8 Ra8+ 135. Kd7 Ra7+ 136. Kc6 Ra4 (136... Kg8 {feels hotter.}) 137. g5 Rg4 138. Rd7 {Threatens to win with e6.} Kg6 139. Rd8 Rxg5 140. Kd6 Rf5 141. Rg8+ Kh7 142. Rg2 Rf3 143. Ke7 Rf5 144. Kd6 Rf3 145. Rg1 Rf5 146. Rg4 Kh6 147. Rg8 Kh7 148. Rg1 Kh6 149. Rg2 Kh7 150. Re2 Kg6 151. Ke7 Rg5 152. Re1 Kg7 153. Kd6 Rg6+ 154. Kd5 Rg2 155. Ke4 {Precision: White = 46%, Black = 69%.} 1/2-1/2

[Event "CHN-ch Blitz Open 2018"]
[Site "Tianjin"]
[Date "2018.06.07"]
[Round "3"]
[White "Wan, Yunguo"]
[Black "Zhao, Yuanhe"]
[Result "1/2-1/2"]
[WhiteElo "2499"]
[BlackElo "2379"]
[Annotator "TA"]
[PlyCount "78"]
[EventDate "2018.06.07"]
[EventType "blitz"]
[EventRounds "9"]
[EventCountry "CHN"]
[SourceTitle "playchess.com"]
[Source "ChessBase"]
[SourceQuality "1"]

{[%evp 21,78,47,45,10,12,9,20,24,35,29,30,30,23,30,34,36,54,35,41,44,46,33,50,43,40,20,20,0,9,0,17,23,27,0,13,10,4,0,0,0,0,0,-4,-6,0,0,0,0,0,0,0,0,0,0,85,0,0,0,0]} 1. e4 e5 2. Nf3 Nf6 3. Nxe5 d6 4. Nf3 Nxe4 5. d4 d5 6. Bd3 Nc6 7. O-O Be7 8. Nbd2 Bf5 9. Re1 Nxd2 {C42: Petroff Defence: 3 Nxe5 and unusual White 3rd moves} 10. Qxd2 Bxd3 11. Qxd3 O-O {LiveBook: 56 Games. White is slightly better.} 12. Qb5 $146 ({Predecessor:} 12. c3 h6 13. Bf4 Bd6 14. Bg3 Qd7 15. Re3 Rfe8 16. Rae1 Rxe3 17. Rxe3 a6 18. Bxd6 Qxd6 19. Nh4 Qd7 20. Qf5 {½-½ (35) Karjakin,S (2753)-Mamedyarov,S (2804) Wijk aan Zee 2018}) 12... a6 13. Qb3 Qd7 14. Bf4 b5 15. a4 Rab8 16. axb5 Rxb5 17. Qa2 Bd6 18. Bxd6 ({Avoid the trap} 18. Qxa6 $2 Rb6 $19) 18... Qxd6 19. b3 a5 20. Qb2 h6 21. h3 Rfb8 22. Qc3 Rb4 23. Red1 Re8 24. Re1 Re4 25. Red1 Re2 26. Qd3 Re4 27. Qc3 Re2 28. Kf1 (28. Rd3 {looks sharper.} Re4 29. g3 f5 30. Kf1 f4 31. g4) 28... Re4 29. Qc5 Qxc5 30. dxc5 d4 31. Ne1 Rb5 32. Nd3 Nb4 (32... g5 {is more complex.} 33. Re1 f5 34. Re2 Nb4 35. Rxe4 fxe4 36. Nxb4 axb4 37. Rd1 d3) 33. Nxb4 axb4 $11 {[%mdl 4096] Endgame KRR-KRR} 34. Ra4 Rxc5 35. Rxb4 Rxc2 {[#] Threatens to win with ...Ree2.} 36. Rbxd4 Ree2 37. Rf4 Rb2 (37... Re7 $11) 38. Rf3 (38. Rd8+ $16 Kh7 39. Rxf7) 38... Red2 39. Rxd2 Rxd2 {Precision: White = 55%, Black = 64%.} 1/2-1/2